Normal view
MARC view
- Family
Entry Topical Term
001 - CONTROL NUMBER
- control field: 363
003 - CONTROL NUMBER IDENTIFIER
- control field: OSt
005 - DATE AND TIME OF LATEST TRANSACTION
- control field: 20170420154923.0
008 - FIXED-LENGTH DATA ELEMENTS
- fixed length control field: 170420|| aca||aabn | a|a d
040 ## - CATALOGING SOURCE
- Original cataloging agency: OSt
- Transcribing agency: OSt
150 ## - HEADING--TOPICAL TERM
- Topical term or geographic name entry element: Family
670 ## - SOURCE DATA FOUND
- Source citation: Work cat.: (OSt)0: Abdullah Hassan, 1942- 341, Kemahiran menyelesaikan krisis rumah tangga /, 1999

PORTAL AKMAL
E-MEL JKDM
AKMAL2U
G-BAM
u-PUSTAKA